000 00405nam a2200157Ia 4500
008 230718s9999 xx 000 0 und d
041 _aeng
082 _a343.052
_bLAK
100 _aLakhotia R.V.
_9155289
245 _aNew Tax Rules For Perquisities
260 _c2001
_bVision
300 _a144
365 _cRs.
_b145.00
700 _aLakhotia R.V.
_9155289
906 _dB:275613-Dec-2002
_cOTH
_b21.75
999 _c303171
_d303171